000 00256nam a22001217a 4500
020 _a0-307-12886-5
082 _a823
_bLUN/P
100 _aLUNDELL, MARGO
245 _aPOCAHONTAS
260 _aUSA
_bDISNEY
650 _aENGLISH SHORT STORY
_zUSA
942 _cBK
999 _c3412
_d3412